Piesne z Jednotného kat. spevníka na veľkopôstny čas

Bibliographic Details
Format: Book
Language:Slovak
PhysicalDescription:29, [1] s. 15 cm
Published: Košice Rím. kat. far. úrad pri Dóme sv. Alžbety 1947
Subjects:

MARC

LEADER 00000nam a2200000 a 4500
001 vtls008390572
003 SK-MaSNL
005 20260301123541.0
008 200115s1947 xo g 000 0 slo
015 |a SNBA19451955-009113 
035 |a SK01SNKBKSFS20010082789 
035 |a urn:nbn:sk:snk-am3ho5d 
035 |a 04C1793A-5EE1-4C2B-9AE0-9D8BE4D17ABA 
035 |a urn:nbn:sk:snk-am00cvjs 
035 |a SKM000085252 
040 |a SNK  |b slo  |c SNK  |e AACR2 
041 0 |a slo 
044 |a xo  |c SK 
080 |a 245  |2 1981 
245 0 0 |a Piesne z Jednotného kat. spevníka na veľkopôstny čas 
260 |a Košice  |b Rím. kat. far. úrad pri Dóme sv. Alžbety  |c 1947  |e Košice  |f Grafika 
300 |a 29, [1] s.  |c 15 cm 
650 0 7 |a duchovné piesne  |2 SNKPH  |9 1928 
655 7 |a spevníky  |2 SNKPH  |9 70506 
958 |a ONDV 
958 |a RK 
958 |a NT 
999 |c 736646  |d 738576 
952 |a SNK  |b SNK  |y VYP  |7 0  |p 17A1190480  |o snkSE 3414 D1  |i snkF 2668/64  |8 5  |0 0  |1 0  |4 0  |d 2018-09-21  |l 0  |r 2026-02-23 22:46:44  |w 2026-02-23 
952 |a SNK  |b SNK  |y PREZ  |7 0  |p 17A0721732  |o snkSE 3414  |i snkF 189/63  |8 5  |0 0  |1 0  |4 0  |d 2018-03-23  |f 1  |l 0  |r 2026-02-23 22:46:44  |w 2026-02-23